000 01350nam a2200433 i 4500
001 5075
003 KOSZ 005
005 20190927102355.0
008 000114s1980 pl a f f |001 0 pol
015 _aPB 1981/90
020 _a8301024763
035 _a(OCoLC)751517175
040 _aWA N
_cWA N
_dKOSZ 005/HR
041 0 _apol
046 _k1978
080 _a624.01/.07:531
080 _a(075.8)
100 1 _aNowacki, Witold
_d(1911-1986)
_eAutor
245 1 0 _aDźwigary powierzchniowe /
_cWitold Nowacki.
250 _a[Wyd. 1, dodr.].
260 _aWarszawa :
_bPańst. Wydaw. Naukowe,
_c1980.
300 _a475, [1] s. :
_bil., tab., wykr. ;
_c25 cm.
336 _2rdacontent
_aTekst
_btxt
337 _2rdamedia
_aBez urządzenia pośredniczącego
_bn
338 _2rdacarrier
_aWolumin
_bnc
380 _aKsiążki.
380 _aPublikacje naukowe
380 _aPublikacje dydaktyczne
385 _mPoziom nauczania
_aSzkoły wyższe
388 _a1901-2000
388 _a1945-1989
504 _aBibliogr. przy rozdz. - Indeks.
658 _aArchitektura i budownictwo
655 4 _aPodręczniki akademickie
650 4 _aMechanika budowli
650 4 _aDźwigary
856 _uhttp://koha.tu.koszalin.pl/cgi-bin/koha/opac-detail.pl?biblionumber=5075
_yKatalog online BPK
942 _2UKD
_cKS
999 _c5075
_d5075